| 000 | 00836nam a2200241 i 4500 | ||
|---|---|---|---|
| 001 | 000026233 | ||
| 003 | DO-SdBNP | ||
| 005 | 20241101105141.0 | ||
| 007 | ta | ||
| 008 | 110307s2000 dr acd r 000 0 spa d | ||
| 040 |
_aDO-SdBNP _bspa _cBNPHU _erda |
||
| 082 |
_axxxx _bR436 _222 |
||
| 245 | 0 | 0 |
_aResumen ejecutivo : _bestudio de la Ciudad Colonial de Santo Domingo 1999 . |
| 264 |
_aSanto Domingo : _bPatronato de la Ciudad Colonial, _c2000. |
||
| 300 |
_a94 páginas : _bilustraciones mapas., retratos. ; _c28 cm. |
||
| 336 |
_ardacontent _btexto _2txt |
||
| 337 |
_ardamedia _bsin mediación _2n |
||
| 338 |
_ardacarrier _bvolumen _2nc |
||
| 500 | _aDiagnóstico de la situación actual, propuesta de intervención: evaluación y priorización de inversiones | ||
| 590 | _aInventariado, 2018/BT | ||
| 910 | _aBT | ||
| 942 |
_2ddc _cLBS1 |
||
| 999 |
_c25725 _d25725 |
||